Obras

Uloženo v:
Podrobná bibliografie
Hlavní autor: Guardini, Romano (Autor)
Médium: Kniha
Jazyk:španělština
Vydáno: Madrid Cristiandad 1981
Témata:
Tagy: Přidat tag
Žádné tagy, Buďte první, kdo vytvoří štítek k tomuto záznamu!

MARC

LEADER 00000nam a2200000 a 4500
001 UCY6981
003 CL-VaPUC
008 950602e19810000SP |||||||||||||||||spa|d
082 0 4 |a 230  |b GUA  |2 21 
100 |a Guardini, Romano  |e author  |9 341351 
245 1 0 |a Obras 
300 |a 3 v 
942 |c BK 
945 |d 19950602 00:00:00  |a cmena 
260 |a Madrid  |b Cristiandad  |c 1981 
500 |a v.1 Europa: realidad y tarea 
500 |a <El >ocaso de la Edad Moderna 
500 |a <El >poder, una interpretación teológica 
500 |a Sobre la esencia de la obra de arte 
500 |a Imagen de culto e imagen de devoción 
500 |a v.2 Jesucristo 
500 |a <La >realidad humana del Señor 
500 |a <La >imagen de Jesús en el NT 
500 |a <La >Madre del Señor 
500 |a v.3 <El >Padrenuestro 
500 |a <Los >salmos 
500 |a Oraciones para iniciar el día 
600 0 |a Jesús  |9 313614 
650 0 |a Teología   |9 258766 
650 0 |a Creencia Religiosa  |9 316904 
650 0 |a Religión   |9 255164 
650 0 |a Edad media  |9 258041 
650 0 |a Experiencia religiosa  |9 315549 
650 0 |a Comportamiento   |9 308406 
650 0 |a Sociedad contemporánea  |9 337179 
650 0 |a Libre albedrío  |9 334583 
650 0 |a Obras de arte  |9 337253 
650 0 |a Biografías  |9 255210 
650 0 |a Textos sagrados   |9 257605 
650 0 |a Oración  |9 313348 
650 7 |a PRACTICA RELIGIOSA  |2 CL-VaPUC  |9 337254 
583 |a last modification  |c 20171004 12:17:22  |k Rodrigo Vera 
999 |c 234458  |d 234456 
952 |0 0  |1 0  |4 0  |6 230_000000000000000_GUA_1981  |7 0  |8 P  |9 240794  |a BIBEDU  |b BIBEDU  |c BIBEDU_PB  |d 2019-11-18  |h v.2  |i 1515535  |o 230 GUA 1981  |p 1515535  |r 2024-01-25  |w 2019-11-18  |y BK  |k EDU 
952 |0 0  |1 0  |4 0  |6 230_000000000000000_GUA_1981  |7 0  |8 P  |9 240795  |a BIBEDU  |b BIBEDU  |c BIBEDU_PB  |d 2019-11-18  |h v.3  |i 1515527  |o 230 GUA 1981  |p 1515527  |r 2024-01-25  |w 2019-11-18  |y BK  |k EDU